أثر المدنية الإسلامية في الحضارة الغربية / (Record no. 14149)

MARC details
000 -الفاتح
حقل البيانات ثابتة الطول 01251nam a2200289 i 4500
003 - محدد رقم الضبط
رقم الضبط EG-ScBUE
005 - وقت وتاريخ اخر تعامل مع التسجيلة
رقم الضبط 20240714130843.0
008 - عناصر البيانات ثابتة الطول - معلومات عامة
حقل البيانات ثابتة الطول 100621s1972 ua f b 000 0 ara d
017 ## - رقم الإيداع القانونى
رقم الإيداع القانونى 1972 / 5191
040 ## - مصدر الفهرسة
وكالة الفهرسة الأصلية EG-ScBUE
لغة الفهرسة ara
قواعد الوصف rda
وكالة النسخ EG-ScBUE
وكالة التعديل EG-ScBUE
082 04 - رقم تصنيف ديوى العشرى
رقم الطبعة 22
رقم التصنيف 909.09767
رقم المادة ق ا ض
100 1# - المدخل الرئيسى - إسم شخصى
9 (RLIN) 14998
الإسم الشخصى قاضي، عمر مختار،
الدور مؤلف.
245 10 - بيان العنوان
العنوان أثر المدنية الإسلامية في الحضارة الغربية /
بيان المسئوليه,etc تأليف الدكتور مختار القاضي.
264 #1 - النشر، التوزيع
مكان الناشر او الموزع [القاهرة] :
اسم الناشر او الموزع المجلس الأعلى للشؤون الإسلامية، لجنة التعريف بالإسلام،
تاريخ النشر أو التوزيع [1972]
300 ## - الوصف المادى
التعداد 268 صفحة ؛
أبعاد الوعاء 27 سم.
336 ## - نوع المحتوى
source rdacontent
Carrier Type Term نص
Content Type Code txt
337 ## - نوع الوسيط
Media Type Term بدون وسيط
source rdamedia
Media Type Code n
338 ## - نوع الحامل أو الناقل
Carrier Type Term مجلد
Carrier Type Code nc
source rdacarrier
490 0# - بيان السلسلة
عنوان السلسلة لجنة التعريف بالإسلام ؛
رقم المجلد/ التعيين التسلسلي 92
504 ## - تبصرة ببليوجرافية
تبصرة ببليوجرافية,الخ يشتمل على إرجاعات ببليوجرافية.
650 #7 - المدخل الاضافى بالموضوع-مصطلح موضوعى
9 (RLIN) 8635
مصطلح موضوعي أو اسم جغرافي كعنصر مدخل الحضارة الإسلامية.
مصدر الرأس أو المصطلح BUEsh
650 #7 - المدخل الاضافى بالموضوع-مصطلح موضوعى
9 (RLIN) 8768
مصطلح موضوعي أو اسم جغرافي كعنصر مدخل التاريخ الإسلامي.
مصدر الرأس أو المصطلح BUEsh
650 #7 - المدخل الاضافى بالموضوع-مصطلح موضوعى
9 (RLIN) 14689
مصطلح موضوعي أو اسم جغرافي كعنصر مدخل الثقافة الإسلامية.
مصدر الرأس أو المصطلح BUEsh
650 #7 - المدخل الاضافى بالموضوع-مصطلح موضوعى
9 (RLIN) 14999
مصطلح موضوعي أو اسم جغرافي كعنصر مدخل الآثار الإسلامية.
مصدر الرأس أو المصطلح BUEsh
655 ## - مصطلح تكشيفى-نوع/شكل
التقسيم الفرعي الشكلي Reading book
942 ## - عناصر المدخل الإضافي( كوها)
مصدر التصنيف او مخطط الترفيف Dewey Decimal Classification
Koha [default] item type Book - Borrowing
Holdings
حالة التراجع حالة الفقد مصدر التصنيف او خطة الترفيف حالة تلف ليس للاعارة مجموعات كوها المكان الدائم المكان الحالي موقع الترفيف تاريخ الاكتساب Source of acquisition رقم الاستدعاء الباركود Date last seen نوع الوعاء
    Dewey Decimal Classification     Alef-Baa Central Library Central Library Second Floor 21/06/2010 Purchase 909.09767 ق ا ض 000021077 15/07/2025 Book - Borrowing